| 000 | 00603nam a22001937a 4500 | ||
|---|---|---|---|
| 003 | OSt | ||
| 005 | 20260306143235.0 | ||
| 008 | 260306b |||||||| |||| 00| 0 eng d | ||
| 020 | _a9781032761305 | ||
| 040 |
_aFMS _cFMS |
||
| 100 |
_aRobertson, Peter W _eAuthor _91123675 |
||
| 245 |
_aSupply Chain Analytics _b:Using Data to Optimise Supply Chain Processes |
||
| 250 | _a2nd ed. | ||
| 260 |
_aLondon and New York: _bRoutledge Taylor & Francis Group, _c2026. |
||
| 300 | _axi,328p. | ||
| 650 | _aMarketing | ||
| 700 |
_aPeter W. Robertson _eAuthor _91123676 |
||
| 942 |
_2CC _cTB _e2nd ed. _hX:73 _n0 |
||
| 999 |
_c1688513 _d1688513 |
||